[Event "Africa-ch U14"]
[Site "Johannesburg"]
[Date "2024.06.19"]
[Round "5"]
[White "Mezni, Elyes"]
[Black "Shapiro, Matthew"]
[Result "1-0"]
[WhiteElo "1955"]
[BlackElo "1684"]
[PlyCount "53"]
[EventDate "2024.06.16"]
[EventType "swiss"]
[EventRounds "9"]
[EventCountry "RSA"]
[SourceTitle "EXT 2025"]
[Source "ChessBase"]
[SourceDate "2024.10.14"]
[SourceVersion "1"]
[SourceVersionDate "2024.10.14"]
[SourceQuality "1"]

1. e4 c5 2. Nf3 e6 3. d4 cxd4 4. Nxd4 Nf6 5. Nc3 Nc6 6. Be3 Bb4 7. Nxc6 bxc6 8. Bd3 d5 9. Bd2 d4 10. Ne2 Bxd2+ 11. Qxd2 e5 12. 0-0 0-0 13. Ng3 Re8 14. Rae1 Qc7 15. h3 Nd7 16. Nf5 Nf8 17. f4 Bxf5 18. exf5 exf4 19. Rxe8 Rxe8 20. Qxf4 Qd7 21. f6 Ng6 22. Bxg6 hxg6 23. fxg7 Kxg7 24. Qf6+ Kg8 25. Rf4 Re6 26. Rxd4 Qe7 27. Rd8+ 1-0